000 00473nam a2200169Ia 4500
008 240729s9999 xx 000 0 und d
022 _a2499-5886
245 0 _aJournal of Health and Social Sciences
260 _aItaly
260 _bEdizioni FS
650 _a Medicine (General) | Social Sciences
650 _a Social sciences (General)
650 _aMedicine
856 _uhttps://doaj.org/toc/fe91a29e15c7448291807a5e090bbcac
942 _2ddc
942 _cDOAJEJ
999 _c66285
_d66285
945 _a1
_bMadushi Gamage
_c1
_dMadushi Gamage